Normal view
MARC view
- الغرب والعرب-علم
Entry Topical Term
001 - CONTROL NUMBER
- control field: 14514
003 - CONTROL NUMBER IDENTIFIER
- control field: JO-AjAnu
005 - DATE AND TIME OF LATEST TRANSACTION
- control field: 20230606072622.0
008 - FIXED-LENGTH DATA ELEMENTS
- fixed length control field: 230606|| aca||aabn | a|a d
040 ## - CATALOGING SOURCE
- Original cataloging agency: JO-AjAnu
- Transcribing agency: JO-AjAnu
150 ## - HEADING--TOPICAL TERM
- Topical term or geographic name entry element: الغرب والعرب-علم
670 ## - SOURCE DATA FOUND
- Source citation: Work cat.: (JO-AjAnu)7456: مايرز، يوجين أ.؛ سعد الدين، كاظم مترجم؛ الكبيسي، طراد محرر, author 14513, الفكر العربي والعالم الغربي